000
00196 a2200097 4500
001
3570
100
_a
Caws, P
245
_a
Philosophy of science
260
_a
_b
Van-Nost
_c
090
_c
2834
_d
2834
942
_a
NUST-CAE
_c
M
_c
20380
999
_c
238643
_d
238643